Everyman's English pronouncing dictionary (Record no. 170734)

MARC details
000 -LEADER
campo de control de longitud fija 00904nam a2200241 i 4500
001 - NÚMERO DE CONTROL
campo de control 170734
003 - IDENTIFICADOR DE NÚMERO DE CONTROL
campo de control ES-MaACL
005 - FECHA Y HORA DE LA ÚLTIMA TRANSACCIÓN
campo de control 20230906214439.0
008 - DATOS DE LONGITUD FIJA--INFORMACIÓN GENERAL
campo de control de longitud fija 090401s1967 xxk d |||| | eng d
080 ## - NÚMERO DE LA CLASIFICACIÓN DECIMAL UNIVERSAL
Número de la Clasificación Decimal Universal 811.111'355
100 1# - ENTRADA PRINCIPAL--NOMBRE DE PERSONA
Nombre de persona Jones, Daniel.
9 (RLIN) 66836
245 10 - MENCIÓN DEL TÍTULO
Título Everyman's English pronouncing dictionary
Resto del título : containing over 58000 words in international phonetic transcription /
Mención de responsabilidad, etc. by Daniel Jones.
250 ## - MENCION DE EDICION
Mención de edición 13th ed.
Resto de la mención de edición edited by A. C. Gimson.
260 ## - PUBLICACIÓN, DISTRIBUCIÓN, ETC.
Lugar de publicación, distribución, etc. London :
Nombre del editor, distribuidor, etc. Dent ;
Lugar de publicación, distribución, etc. New York :
Nombre del editor, distribuidor, etc. Dutton,
Fecha de publicación, distribución, etc. 1967.
300 ## - DESCRIPCIÓN FÍSICA
Extensión XLVI, 544 p. ;
Dimensiones 20 cm.
490 1# - MENCIÓN DE SERIE
Mención de serie Everyman's reference library
650 04 - PUNTO DE ACCESO ADICIONAL DE MATERIA--TÉRMINO DE MATERIA
Término de materia o nombre geográfico como elemento de entrada Lengua inglesa-
Subdivisión general Pronunciación.
9 (RLIN) 14284
650 04 - PUNTO DE ACCESO ADICIONAL DE MATERIA--TÉRMINO DE MATERIA
Término de materia o nombre geográfico como elemento de entrada Lengua inglesa-
Subdivisión de forma Diccionarios.
9 (RLIN) 14269
700 1# - ENTRADA AGREGADA--NOMBRE PERSONAL
Nombre de persona Gimson, A. C.
9 (RLIN) 139714
830 0# - PUNTO DE ACCESO ADICIONAL DE SERIE-TÍTULO UNIFORME
Título uniforme Everyman's reference library
9 (RLIN) 192535
852 ## - LOCALIZACIÓN
Ubicación ES-MaACL
Número de control de estantería E-12530
Nota libre . - Biblioteca Jacinto Martínez Lacalle
Holdings
Estatus retirado Estado de pérdida Estado de daño No para préstamo Biblioteca de origen Biblioteca actual Ubicación en estantería Fecha de adquisición Fuente de adquisición Total de préstamos Signatura topográfica completa Código de barras Visto por última vez Precio de reemplazo Tipo de ítem Koha
        Biblioteca del Ateneo de Madrid Biblioteca del Ateneo de Madrid Depósito 2 01/04/2009     E-12530 1179178 23/02/2023 23/02/2023 Libro impreso